00936cam a22002531 450000100060000000300080000600500170001400800390003103500190007003500190008904000300010804100080013808200230014610000320016924500640020126000590026530000270032450400510035165000680040265000370047094200120050799900170051995201460053620952BD-RjUL20211209000630.0751104r19671951ctu b 001 0 eng a(BD-RjUL)21014 a(OCoLC)1806685 aDLCcMdU-BCdBD-RjULbeng aeng00a820.9008bTIC 19671 aTillotson, Geoffrey.96472010aCriticism and the nineteenth century /cGeoffrey Tillotson. aHamden, Conn. :bArchon Books,c1951 [Reprinted 1967]. axiii, 283 p. ;c22 cm. aIncludes bibliographical references and index. 0aEnglish literaturey19th centuryxHistory and criticism.964721 0aCriticismzGreat Britain.964722 2ddccBK c20952d20952 00102ddc40728NFICaRUCLbRUCLcReadingd1973-03-06eB. H. Blackwellg3.56l0o820.9008 TIC 1967r2014-03-02 00:00:00tC-1w2014-03-02yBK